000 00508nam a2200181Ia 4500
003 GCL
008 140319s9999 xx 000 0 ara d
040 _aGCL /
_cGCL
082 0 4 _a813.083
_bب ا
100 1 _aبهوش ياسين
245 1 0 _aايام من عدس رواية /
_cبهوش ياسين
260 _a[S.N] :
_bدار التنوير للطباعة والنشر ،
_c1983
300 _a182 ص
490 _a
650 0 4 _aالادب العربى
650 0 4 _aالقصص
942 _2ddc
_cBK
999 _c52890
_d52890